000 00765cam a2200181 4500
001 ##L135515
008 061103n 000 0 eng u
035 _a(Sirsi) u135515
041 0 _aeng
110 2 _aHousing Corporation
245 0 0 _aHousing Corporation
_bperformance indicator site
520 _aHousing associations with over 250 homes report annually against a set of performance indicators. Provides access to the reports. Reviews research findings and analyses of performance indicator aggregated data.
590 _aIKA141106
651 4 _aEngland
_y886-
690 _aPROPERTY-RESIDENTIAL PROPERTY-RESIDENTIAL PROPERTY MANAGEMENT
856 4 0 _uhttps://www.housingpis.co.uk/
_zView the website free of charge at www.housingpis.co.uk...
942 _n0
999 _c120532
_d120532